|
|
|
|
| LEADER |
00000nab a2200000 a 4500 |
| 001 |
vtls000797668 |
| 003 |
SK-MaSNL |
| 005 |
20260302155405.0 |
| 008 |
180205c2002 xo 0 slo |
| 015 |
|
|
|a SNBRB2002/06-19817
|
| 035 |
|
|
|a CLN000149323
|
| 040 |
|
|
|a SNKBUCL
|b slo
|c SNKBUCL
|e AACR2
|
| 041 |
0 |
|
|a slo
|
| 044 |
|
|
|a xo
|c SK
|
| 080 |
|
|
|a 336.767
|2 UDC-MRF-SK2
|
| 100 |
1 |
|
|a Stránsky, Karol
|4 aut
|9 853747
|
| 245 |
1 |
0 |
|a Investovať do cenných papierov opatrne a s rozložením rizika
|c Karol Stránsky
|
| 650 |
0 |
7 |
|a papiere cenné
|x investovanie
|2 snkbucl
|9 853748
|
| 655 |
|
7 |
|a články z novín a časopisov
|2 snkbucl
|9 267496
|
| 773 |
0 |
|
|x 1335-0714
|t Ekonomický a právny poradca podnikateľa
|g Č. 12 (2002), s. 126-128
|
| 850 |
|
|
|a Slovenská národná knižnica v Martine
|
| 852 |
|
|
|a SNK
|b KIS3GCP
|
| 958 |
|
|
|a RBX
|
| 999 |
|
|
|c 1371313
|d 1373243
|